[Event "Russian Blitz Championship (m)"]
[Site "Sochi"]
[Date "2022.10.14"]
[Round "8.15"]
[White "Shomoev, Anton"]
[Black "Shcherbin, Matvei"]
[Result "0-1"]
[BlackElo "2308"]
[WhiteElo "2499"]
[LiveChessVersion "1.4.8"]

1. e4 {[%clk 0:03:02]} c5 {[%clk 0:03:04]} 2. Nf3 {[%clk 0:03:03]} e6
{[%clk 0:03:05]} 3. d4 {[%clk 0:03:04]} cxd4 {[%clk 0:03:06]} 4. Nxd4
{[%clk 0:03:05]} Bc5 {[%clk 0:03:07]} 5. Nb3 {[%clk 0:02:54]} Bb6
{[%clk 0:03:08]} 6. Nc3 {[%clk 0:02:54]} Ne7 {[%clk 0:03:10]} 7. Bf4
{[%clk 0:02:51]} d5 {[%clk 0:03:11]} 8. Qd2 {[%clk 0:02:38]} Nbc6
{[%clk 0:02:47]} 9. exd5 {[%clk 0:02:35]} Nxd5 {[%clk 0:02:47]} 10. Nxd5
{[%clk 0:02:36]} exd5 {[%clk 0:02:48]} 11. O-O-O {[%clk 0:02:34]} O-O
{[%clk 0:02:45]} 12. Bd3 {[%clk 0:02:24]} a5 {[%clk 0:02:45]} 13. a3
{[%clk 0:01:39]} a4 {[%clk 0:02:44]} 14. Na1 {[%clk 0:01:40]} Be6
{[%clk 0:02:29]} 15. Rhe1 {[%clk 0:01:39]} Rc8 {[%clk 0:02:28]} 16. Kb1
{[%clk 0:01:41]} Ba5 {[%clk 0:02:18]} 17. c3 {[%clk 0:01:37]} d4 {[%clk 0:02:19]}
18. Qc2 {[%clk 0:01:16]} Qh4 {[%clk 0:01:50]} 19. g3 {[%clk 0:01:14]} Qh5
{[%clk 0:01:48]} 20. Qxa4 {[%clk 0:00:46]} dxc3 {[%clk 0:01:43]} 21. b4
{[%clk 0:00:46]} Bb6 {[%clk 0:01:25]} 22. Qb5 {[%clk 0:00:25]} Qxb5
{[%clk 0:01:21]} 23. Bxb5 {[%clk 0:00:26]} Bxf2 {[%clk 0:01:21]} 24. Rf1
{[%clk 0:00:24]} Bg4 {[%clk 0:00:50]} 25. Rd5 {[%clk 0:00:14]} Bb6
{[%clk 0:00:30]} 26. Nc2 {[%clk 0:00:15]} Rfd8 {[%clk 0:00:29]} 27. Rxd8+
{[%clk 0:00:10]} Rxd8 28. Be3 {[%clk 0:00:08]} Bxe3 {[%clk 0:00:26]} 29. Nxe3
{[%clk 0:00:09]} Be6 {[%clk 0:00:27]} 30. Bxc6 {[%clk 0:00:10]} bxc6
{[%clk 0:00:28]} 31. Kc2 {[%clk 0:00:11]} Rd2+ {[%clk 0:00:16]} 32. Kxc3
{[%clk 0:00:12]} Rxh2 {[%clk 0:00:17]} 33. a4 {[%clk 0:00:05]} Ra2
{[%clk 0:00:16]} 34. Nc2 {[%clk 0:00:06]} Rxa4 {[%clk 0:00:14]} 35. Nd4
{[%clk 0:00:05]} Bd5 {[%clk 0:00:10]} 36. Nf5 {[%clk 0:00:06]} Ra3+
{[%clk 0:00:09]} 37. Kd4 {[%clk 0:00:07]} Rf3 {[%clk 0:00:05]} 38. Re1
{[%clk 0:00:04]} Kf8 {[%clk 0:00:05]} 39. Ne3 {[%clk 0:00:03]} Rxg3
{[%clk 0:00:05]} 40. Nxd5 {[%clk 0:00:05]} cxd5 {[%clk 0:00:05]} 41. b5
{[%clk 0:00:06]} Rb3 {[%clk 0:00:05]} 42. Kc5 {[%clk 0:00:07]} g5
{[%clk 0:00:06]} 43. b6 {[%clk 0:00:09]} Kg7 {[%clk 0:00:06]} 44. Kc6
{[%clk 0:00:10]} h5 {[%clk 0:00:07]} 45. b7 {[%clk 0:00:11]} h4 46. Re5 Kg6
{[%clk 0:00:08]} 47. Rxd5 {[%clk 0:00:14]} Rxb7 {[%clk 0:00:08]} 48. Kxb7
{[%clk 0:00:15]} h3 {[%clk 0:00:10]} 49. Rd8 {[%clk 0:00:09]} g4 {[%clk 0:00:07]}
50. Rh8 {[%clk 0:00:06]} Kg5 {[%clk 0:00:07]} 51. Kc6 {[%clk 0:00:08]} Kf4
{[%clk 0:00:09]} 52. Kd5 {[%clk 0:00:09]} f5 {[%clk 0:00:10]} 53. Kd4
{[%clk 0:00:10]} Kg3 {[%clk 0:00:10]} 54. Ke3 {[%clk 0:00:12]} f4+
{[%clk 0:00:11]} 55. Ke2 {[%clk 0:00:13]} Kg2 {[%clk 0:00:12]} 56. Rh4
{[%clk 0:00:06]} g3 {[%clk 0:00:12]} 57. Rxf4 {[%clk 0:00:07]} h2
{[%clk 0:00:14]} 58. Rh4 {[%clk 0:00:03]} h1=Q {[%clk 0:00:15]} 0-1

[Event "Russian Blitz Championship (m)"]
[Site "Sochi"]
[Date "2022.10.14"]
[Round "8.16"]
[White "Salemgareev, Tagir"]
[Black "Drygalov, Andrey"]
[Result "1-0"]
[BlackElo "2498"]
[WhiteElo "2366"]
[LiveChessVersion "1.4.8"]

1. e4 {[%clk 0:03:02]} e5 {[%clk 0:03:03]} 2. Nf3 {[%clk 0:03:02]} Nc6
{[%clk 0:03:04]} 3. Bb5 {[%clk 0:03:03]} a6 {[%clk 0:03:06]} 4. Ba4
{[%clk 0:03:04]} Bc5 {[%clk 0:03:07]} 5. O-O {[%clk 0:02:57]} Nge7
{[%clk 0:03:08]} 6. c3 {[%clk 0:02:58]} Ng6 {[%clk 0:03:08]} 7. d4
{[%clk 0:02:58]} Ba7 {[%clk 0:03:09]} 8. Bg5 {[%clk 0:02:55]} f6 {[%clk 0:03:11]}
9. Be3 {[%clk 0:02:56]} O-O {[%clk 0:03:11]} 10. d5 {[%clk 0:02:53]} Nce7
{[%clk 0:03:11]} 11. Bxa7 {[%clk 0:02:53]} Rxa7 {[%clk 0:03:13]} 12. d6
{[%clk 0:02:54]} cxd6 {[%clk 0:03:13]} 13. Qxd6 {[%clk 0:02:54]} b5
{[%clk 0:03:10]} 14. Bb3+ {[%clk 0:02:55]} Kh8 {[%clk 0:03:11]} 15. Rd1
{[%clk 0:02:51]} Rb7 {[%clk 0:02:43]} 16. Na3 {[%clk 0:02:40]} Rb6
{[%clk 0:02:34]} 17. Qd2 {[%clk 0:02:40]} Bb7 {[%clk 0:02:24]} 18. Qe3
{[%clk 0:02:03]} f5 {[%clk 0:00:47]} 19. Rxd7 {[%clk 0:01:28]} Qxd7
{[%clk 0:00:43]} 20. Qxb6 {[%clk 0:01:29]} Bxe4 {[%clk 0:00:36]} 21. Rd1
{[%clk 0:01:29]} Qc6 {[%clk 0:00:26]} 22. Qxc6 {[%clk 0:01:26]} Bxc6
{[%clk 0:00:26]} 23. Ng5 {[%clk 0:01:24]} h6 {[%clk 0:00:26]} 24. Ne6
{[%clk 0:01:22]} Rc8 {[%clk 0:00:26]} 25. Nc2 {[%clk 0:01:21]} a5
{[%clk 0:00:23]} 26. a3 {[%clk 0:01:13]} f4 {[%clk 0:00:20]} 27. Ne1
{[%clk 0:00:44]} e4 {[%clk 0:00:15]} 28. h4 {[%clk 0:00:36]} e3 {[%clk 0:00:04]}
29. h5 {[%clk 0:00:35]} exf2+ {[%clk 0:00:05]} 30. Kxf2 {[%clk 0:00:35]} Ne5
{[%clk 0:00:06]} 31. Nxf4 {[%clk 0:00:26]} Rf8 {[%clk 0:00:08]} 32. g3
{[%clk 0:00:27]} Ng4+ {[%clk 0:00:07]} 33. Kg1 {[%clk 0:00:28]} Ne3
{[%clk 0:00:07]} 34. Rd6 {[%clk 0:00:27]} N3f5 {[%clk 0:00:08]} 35. Rxc6
{[%clk 0:00:25]} Nxg3 {[%clk 0:00:08]} 36. Ng6+ {[%clk 0:00:23]} Nxg6
{[%clk 0:00:09]} 37. Rxg6 {[%clk 0:00:24]} Nxh5 {[%clk 0:00:10]} 38. Nd3
{[%clk 0:00:23]} Rd8 {[%clk 0:00:10]} 39. Rb6 {[%clk 0:00:19]} Nf6
{[%clk 0:00:07]} 40. Rxb5 {[%clk 0:00:15]} g5 {[%clk 0:00:08]} 41. Ne5
{[%clk 0:00:14]} Rd2 {[%clk 0:00:08]} 42. Rb7 {[%clk 0:00:14]} 1-0

[Event "Russian Blitz Championship (m)"]
[Site "Sochi"]
[Date "2022.10.14"]
[Round "8.17"]
[White "Zakhartsov, Vladimir"]
[Black "Savitskiy, Sergey"]
[Result "1-0"]
[BlackElo "2363"]
[WhiteElo "2492"]
[LiveChessVersion "1.4.8"]

1. c4 {[%clk 0:03:03]} e5 {[%clk 0:03:02]} 2. g3 {[%clk 0:03:04]} Nc6
{[%clk 0:03:00]} 3. Bg2 {[%clk 0:03:05]} h5 {[%clk 0:03:01]} 4. h4
{[%clk 0:02:52]} Bc5 {[%clk 0:03:01]} 5. d3 {[%clk 0:02:50]} Nf6 {[%clk 0:03:01]}
6. Bg5 {[%clk 0:02:49]} Nd4 {[%clk 0:02:51]} 7. Nc3 {[%clk 0:02:45]} Ne6
{[%clk 0:02:49]} 8. Nf3 {[%clk 0:02:33]} Nxg5 {[%clk 0:02:48]} 9. hxg5
{[%clk 0:02:23]} Ng4 {[%clk 0:02:48]} 10. e3 {[%clk 0:02:19]} d6 {[%clk 0:02:35]}
11. d4 {[%clk 0:01:57]} Bb6 {[%clk 0:02:23]} 12. Qc2 {[%clk 0:01:57]} exd4
{[%clk 0:01:52]} 13. exd4 {[%clk 0:01:57]} Qe7+ {[%clk 0:01:53]} 14. Kf1
{[%clk 0:01:56]} O-O {[%clk 0:01:04]} 15. Nd5 {[%clk 0:01:44]} Qd8
{[%clk 0:01:04]} 16. Rxh5 {[%clk 0:01:39]} g6 {[%clk 0:00:59]} 17. Rh4
{[%clk 0:01:40]} c6 {[%clk 0:00:53]} 18. Nf4 {[%clk 0:01:30]} Bf5
{[%clk 0:00:52]} 19. Qc3 {[%clk 0:01:31]} d5 {[%clk 0:00:46]} 20. Bh3
{[%clk 0:01:28]} Qc8 {[%clk 0:00:22]} 21. cxd5 {[%clk 0:01:28]} Re8
{[%clk 0:00:14]} 22. Kg2 {[%clk 0:01:25]} Bc7 {[%clk 0:00:10]} 23. Rh1
{[%clk 0:01:22]} Bxf4 {[%clk 0:00:05]} 24. Bxg4 {[%clk 0:01:23]} 1-0

[Event "Russian Blitz Championship (m)"]
[Site "Sochi"]
[Date "2022.10.14"]
[Round "8.18"]
[White "Babanin, Gleb"]
[Black "Moiseenko, Vadim"]
[Result "1/2-1/2"]
[BlackElo "2492"]
[WhiteElo "2346"]
[LiveChessVersion "1.4.8"]

1. e4 {[%clk 0:03:02]} c5 {[%clk 0:03:02]} 2. Nf3 {[%clk 0:03:02]} d6
{[%clk 0:03:03]} 3. d4 {[%clk 0:03:03]} cxd4 {[%clk 0:03:04]} 4. Nxd4
{[%clk 0:03:04]} Nf6 {[%clk 0:03:04]} 5. Nc3 {[%clk 0:03:05]} Bd7
{[%clk 0:03:06]} 6. Bg5 {[%clk 0:02:57]} e6 {[%clk 0:03:06]} 7. f4
{[%clk 0:02:56]} h6 {[%clk 0:02:34]} 8. Bh4 {[%clk 0:02:44]} Be7 {[%clk 0:02:30]}
9. Qf3 {[%clk 0:02:17]} Nc6 {[%clk 0:02:26]} 10. O-O-O {[%clk 0:02:08]} Nxd4
{[%clk 0:02:11]} 11. Rxd4 {[%clk 0:02:09]} Qc7 {[%clk 0:02:05]} 12. Bb5
{[%clk 0:01:47]} Bxb5 {[%clk 0:01:47]} 13. Nxb5 {[%clk 0:01:48]} Qc5
{[%clk 0:01:46]} 14. Bxf6 {[%clk 0:01:28]} gxf6 {[%clk 0:01:44]} 15. Qd3
{[%clk 0:01:25]} Rd8 {[%clk 0:01:10]} 16. Rd1 {[%clk 0:01:15]} Rg8
{[%clk 0:00:39]} 17. g3 {[%clk 0:01:15]} h5 {[%clk 0:00:40]} 18. Nxd6+
{[%clk 0:00:57]} Bxd6 {[%clk 0:00:40]} 19. Rxd6 {[%clk 0:00:58]} Rxd6
{[%clk 0:00:39]} 20. Qxd6 {[%clk 0:00:59]} Qxd6 {[%clk 0:00:39]} 21. Rxd6
{[%clk 0:01:00]} h4 {[%clk 0:00:37]} 22. Rd3 {[%clk 0:01:01]} Ke7
{[%clk 0:00:32]} 23. b3 {[%clk 0:01:00]} b6 {[%clk 0:00:30]} 24. c4
{[%clk 0:01:01]} hxg3 {[%clk 0:00:23]} 25. hxg3 {[%clk 0:01:02]} Rh8
{[%clk 0:00:25]} 26. b4 {[%clk 0:00:41]} Rh2 {[%clk 0:00:17]} 27. Kb1
{[%clk 0:00:40]} Re2 {[%clk 0:00:16]} 28. Ra3 {[%clk 0:00:33]} Rxe4
{[%clk 0:00:04]} 29. Rxa7+ {[%clk 0:00:34]} Kd6 {[%clk 0:00:05]} 30. Rxf7
{[%clk 0:00:22]} f5 31. Kb2 {[%clk 0:00:19]} Rxc4 {[%clk 0:00:07]} 32. Kb3
{[%clk 0:00:19]} Re4 {[%clk 0:00:08]} 33. Rg7 {[%clk 0:00:20]} b5
{[%clk 0:00:09]} 34. a3 {[%clk 0:00:09]} Re3+ {[%clk 0:00:10]} 35. Kb2
{[%clk 0:00:10]} Kd5 {[%clk 0:00:11]} 36. Rc7 {[%clk 0:00:08]} Rxg3
{[%clk 0:00:07]} 37. Rc5+ {[%clk 0:00:08]} Ke4 {[%clk 0:00:08]} 38. Rxb5
{[%clk 0:00:09]} Kxf4 {[%clk 0:00:09]} 39. a4 {[%clk 0:00:09]} e5
{[%clk 0:00:08]} 40. a5 {[%clk 0:00:07]} e4 {[%clk 0:00:08]} 41. a6
{[%clk 0:00:09]} Rg8 {[%clk 0:00:04]} 42. a7 {[%clk 0:00:08]} Ra8
{[%clk 0:00:05]} 43. Rb7 {[%clk 0:00:10]} e3 {[%clk 0:00:07]} 44. Kc2
{[%clk 0:00:09]} Kf3 {[%clk 0:00:08]} 45. Re7 {[%clk 0:00:03]} e2
{[%clk 0:00:08]} 46. Kd2 {[%clk 0:00:04]} Rd8+ {[%clk 0:00:09]} 47. Kc2
{[%clk 0:00:05]} Ra8 {[%clk 0:00:06]} 48. Kd2 {[%clk 0:00:06]} Rd8+
{[%clk 0:00:06]} 49. Kc2 {[%clk 0:00:07]} Rc8+ {[%clk 0:00:04]} 50. Kd2
{[%clk 0:00:07]} Rd8+ {[%clk 0:00:04]} 51. Kc2 {[%clk 0:00:08]} Ra8
{[%clk 0:00:04]} 52. Kd2 {[%clk 0:00:09]} Rd8+ {[%clk 0:00:03]} 1/2-1/2

[Event "Russian Blitz Championship (m)"]
[Site "Sochi"]
[Date "2022.10.14"]
[Round "8.19"]
[White "Vastrukhin, Oleg"]
[Black "Bocharov, Dmitry"]
[Result "0-1"]
[BlackElo "2484"]
[WhiteElo "2345"]
[LiveChessVersion "1.4.8"]

1. Nf3 {[%clk 0:03:02]} c5 {[%clk 0:03:03]} 2. g3 {[%clk 0:03:02]} Nc6
{[%clk 0:03:00]} 3. Bg2 {[%clk 0:03:03]} g6 {[%clk 0:02:54]} 4. O-O
{[%clk 0:03:02]} Bg7 {[%clk 0:02:54]} 5. c4 {[%clk 0:03:03]} d6 {[%clk 0:02:51]}
6. Nc3 {[%clk 0:03:03]} e6 {[%clk 0:02:51]} 7. e3 {[%clk 0:03:01]} Nge7
{[%clk 0:02:50]} 8. b3 {[%clk 0:02:58]} O-O {[%clk 0:02:48]} 9. Bb2
{[%clk 0:02:57]} b6 {[%clk 0:02:49]} 10. d4 {[%clk 0:02:57]} Bb7 {[%clk 0:02:48]}
11. dxc5 {[%clk 0:02:47]} bxc5 {[%clk 0:02:04]} 12. Qe2 {[%clk 0:02:40]} Nf5
{[%clk 0:01:31]} 13. Rfd1 {[%clk 0:02:39]} Qe7 {[%clk 0:01:32]} 14. Ne4
{[%clk 0:02:30]} Rad8 {[%clk 0:01:27]} 15. Bxg7 {[%clk 0:02:26]} Nxg7
{[%clk 0:01:22]} 16. Qb2 {[%clk 0:02:20]} f5 {[%clk 0:01:21]} 17. Nc3
{[%clk 0:02:21]} g5 {[%clk 0:01:21]} 18. a3 {[%clk 0:02:15]} g4 {[%clk 0:01:18]}
19. Ne1 {[%clk 0:02:05]} Ne5 {[%clk 0:01:16]} 20. Qe2 {[%clk 0:01:33]} Bxg2
{[%clk 0:01:15]} 21. Kxg2 {[%clk 0:01:34]} Qb7+ {[%clk 0:01:15]} 22. e4 f4
{[%clk 0:01:12]} 23. Kg1 {[%clk 0:01:09]} Qxb3 {[%clk 0:01:12]} 24. Rac1
{[%clk 0:01:06]} Qxc4 {[%clk 0:01:02]} 25. Qxc4 {[%clk 0:01:02]} Nxc4
{[%clk 0:01:02]} 26. Nb5 {[%clk 0:01:02]} fxg3 {[%clk 0:00:58]} 27. hxg3
{[%clk 0:01:02]} a6 {[%clk 0:00:46]} 28. Nc7 {[%clk 0:00:54]} Ne5
{[%clk 0:00:46]} 29. Nxa6 {[%clk 0:00:48]} Nh5 {[%clk 0:00:42]} 30. Nc7
{[%clk 0:00:49]} Kf7 {[%clk 0:00:43]} 31. Nb5 {[%clk 0:00:33]} Ke7
{[%clk 0:00:42]} 32. Nd3 {[%clk 0:00:33]} Nxd3 {[%clk 0:00:26]} 33. Rxd3
{[%clk 0:00:34]} Nf6 {[%clk 0:00:27]} 34. e5 {[%clk 0:00:32]} dxe5
{[%clk 0:00:28]} 35. Rxd8 {[%clk 0:00:32]} Rxd8 {[%clk 0:00:29]} 36. Rxc5
{[%clk 0:00:33]} Ne4 {[%clk 0:00:07]} 37. Rxe5 {[%clk 0:00:14]} Nd2
{[%clk 0:00:08]} 38. Rh5 {[%clk 0:00:13]} Nf3+ {[%clk 0:00:09]} 39. Kf1
{[%clk 0:00:13]} Kf6 {[%clk 0:00:06]} 40. Nc3 {[%clk 0:00:10]} Rd3
{[%clk 0:00:04]} 41. Ne4+ {[%clk 0:00:08]} Kg6 {[%clk 0:00:05]} 42. Ra5
{[%clk 0:00:09]} Rd4 {[%clk 0:00:04]} 43. Nc5 {[%clk 0:00:05]} e5
{[%clk 0:00:06]} 44. Ke2 {[%clk 0:00:04]} Kf5 {[%clk 0:00:07]} 45. Ra8
{[%clk 0:00:04]} Rc4 {[%clk 0:00:06]} 46. Rf8+ {[%clk 0:00:04]} Kg6
{[%clk 0:00:08]} 47. Nd3 {[%clk 0:00:04]} h5 {[%clk 0:00:06]} 48. Rg8+
{[%clk 0:00:05]} Kf5 {[%clk 0:00:07]} 49. Rh8 {[%clk 0:00:04]} Ke4
{[%clk 0:00:07]} 50. Ne1 {[%clk 0:00:04]} Rc1 {[%clk 0:00:07]} 51. Nxf3
{[%clk 0:00:03]} gxf3+ {[%clk 0:00:08]} 52. Kd2 {[%clk 0:00:04]} Rf1
{[%clk 0:00:09]} 53. Rxh5 {[%clk 0:00:04]} Rxf2+ {[%clk 0:00:10]} 54. Ke1
{[%clk 0:00:06]} Ra2 {[%clk 0:00:11]} 55. a4 {[%clk 0:00:06]} Kd4
{[%clk 0:00:11]} 56. Rh8 {[%clk 0:00:03]} e4 {[%clk 0:00:12]} 0-1

[Event "Russian Blitz Championship (m)"]
[Site "Sochi"]
[Date "2022.10.14"]
[Round "8.20"]
[White "Derjabin, Ilja"]
[Black "Iljiushenok, Ilia"]
[Result "0-1"]
[BlackElo "2467"]
[WhiteElo "2341"]
[LiveChessVersion "1.4.8"]

1. d4 {[%clk 0:03:03]} Nf6 {[%clk 0:03:03]} 2. c4 {[%clk 0:03:04]} e6
{[%clk 0:03:04]} 3. Nc3 {[%clk 0:03:05]} Bb4 {[%clk 0:03:05]} 4. a3
{[%clk 0:03:06]} Bxc3+ {[%clk 0:03:03]} 5. bxc3 {[%clk 0:03:07]} c5
{[%clk 0:02:50]} 6. f3 {[%clk 0:03:05]} d6 {[%clk 0:02:31]} 7. e4
{[%clk 0:03:03]} Nc6 {[%clk 0:02:31]} 8. d5 {[%clk 0:02:43]} Na5 {[%clk 0:02:29]}
9. Bd3 {[%clk 0:02:23]} e5 {[%clk 0:02:27]} 10. Ne2 {[%clk 0:02:18]} b6
{[%clk 0:02:27]} 11. f4 {[%clk 0:02:12]} Nd7 {[%clk 0:02:11]} 12. O-O
{[%clk 0:02:04]} Qe7 {[%clk 0:01:49]} 13. Ng3 {[%clk 0:02:01]} g6
{[%clk 0:01:51]} 14. f5 {[%clk 0:02:00]} Ba6 {[%clk 0:01:47]} 15. Qa4
{[%clk 0:01:50]} O-O-O {[%clk 0:01:46]} 16. Ra2 {[%clk 0:01:33]} f6
{[%clk 0:01:40]} 17. fxg6 {[%clk 0:01:26]} hxg6 {[%clk 0:01:41]} 18. Raf2
{[%clk 0:01:26]} Rdf8 {[%clk 0:01:38]} 19. h3 {[%clk 0:01:26]} Kc7
{[%clk 0:01:38]} 20. Be3 {[%clk 0:01:17]} Rh4 {[%clk 0:01:37]} 21. Rf3
{[%clk 0:01:16]} Rh7 {[%clk 0:01:21]} 22. R1f2 {[%clk 0:01:16]} Rhh8
{[%clk 0:01:16]} 23. Rf1 {[%clk 0:01:13]} Rf7 {[%clk 0:01:17]} 24. R1f2
{[%clk 0:01:14]} Nf8 {[%clk 0:01:14]} 25. Nf1 {[%clk 0:00:54]} Qd7
{[%clk 0:01:08]} 26. Qc2 {[%clk 0:00:49]} Nh7 {[%clk 0:01:03]} 27. Nd2
{[%clk 0:00:50]} Rhf8 {[%clk 0:01:02]} 28. Qd1 {[%clk 0:00:46]} Qe7
{[%clk 0:00:42]} 29. Rg3 {[%clk 0:00:46]} Rg8 {[%clk 0:00:42]} 30. Be2
{[%clk 0:00:39]} Nf8 {[%clk 0:00:39]} 31. Qf1 {[%clk 0:00:35]} Nd7
{[%clk 0:00:34]} 32. Bg4 {[%clk 0:00:29]} Nf8 {[%clk 0:00:32]} 33. Rgf3
{[%clk 0:00:26]} Bc8 {[%clk 0:00:26]} 34. Bxc8 {[%clk 0:00:27]} Kxc8
{[%clk 0:00:27]} 35. Rg3 {[%clk 0:00:28]} Nd7 {[%clk 0:00:26]} 36. Qd1
{[%clk 0:00:29]} Kc7 {[%clk 0:00:26]} 37. Qg4 {[%clk 0:00:27]} Nf8
{[%clk 0:00:22]} 38. h4 {[%clk 0:00:27]} Qd7 {[%clk 0:00:22]} 39. Qxd7+
{[%clk 0:00:25]} Kxd7 {[%clk 0:00:19]} 40. Rgf3 {[%clk 0:00:19]} Ke7
{[%clk 0:00:19]} 41. Rg3 {[%clk 0:00:18]} Rh8 {[%clk 0:00:20]} 42. Rh3
{[%clk 0:00:19]} Nd7 {[%clk 0:00:18]} 43. g4 {[%clk 0:00:19]} Rfh7
{[%clk 0:00:19]} 44. Rfh2 {[%clk 0:00:19]} Kf7 {[%clk 0:00:18]} 45. Kf2
{[%clk 0:00:20]} a6 {[%clk 0:00:13]} 46. a4 {[%clk 0:00:20]} Rb8 {[%clk 0:00:14]}
47. h5 {[%clk 0:00:18]} gxh5 48. Rxh5 {[%clk 0:00:19]} Rxh5 {[%clk 0:00:16]} 49.
gxh5 {[%clk 0:00:20]} Kg7 {[%clk 0:00:14]} 50. Ke2 {[%clk 0:00:17]} Kh7
{[%clk 0:00:15]} 51. Kd3 {[%clk 0:00:16]} Rg8 {[%clk 0:00:15]} 52. Nf1
{[%clk 0:00:12]} Rg4 {[%clk 0:00:16]} 53. h6 {[%clk 0:00:11]} Nf8
{[%clk 0:00:16]} 54. Rf2 {[%clk 0:00:12]} Rg6 {[%clk 0:00:17]} 55. Rf3
{[%clk 0:00:13]} Nd7 {[%clk 0:00:17]} 56. Ng3 {[%clk 0:00:14]} Nb7
{[%clk 0:00:13]} 57. Nf5 {[%clk 0:00:15]} Rg4 {[%clk 0:00:12]} 58. Rf2
{[%clk 0:00:15]} Nf8 {[%clk 0:00:09]} 59. Rb2 {[%clk 0:00:15]} Nd7
{[%clk 0:00:10]} 60. a5 {[%clk 0:00:15]} Nxa5 61. Nxd6 {[%clk 0:00:16]} Rg3
{[%clk 0:00:07]} 62. Nf5 {[%clk 0:00:16]} Rg4 {[%clk 0:00:06]} 63. Rb1
{[%clk 0:00:09]} Nb7 {[%clk 0:00:07]} 64. Ra1 {[%clk 0:00:07]} a5
{[%clk 0:00:09]} 65. Ra2 {[%clk 0:00:07]} Nd8 {[%clk 0:00:10]} 66. Nd6
{[%clk 0:00:07]} Rg3 {[%clk 0:00:08]} 67. Rb2 {[%clk 0:00:06]} Rg4
{[%clk 0:00:06]} 68. Nf5 {[%clk 0:00:07]} Nf7 {[%clk 0:00:07]} 69. Ra2
{[%clk 0:00:06]} Ng5 {[%clk 0:00:08]} 70. Bxg5 {[%clk 0:00:05]} fxg5
{[%clk 0:00:06]} 71. Ke3 {[%clk 0:00:04]} Rg1 {[%clk 0:00:07]} 72. Rf2
{[%clk 0:00:04]} Nf6 {[%clk 0:00:04]} 73. Kf3 {[%clk 0:00:05]} g4+
{[%clk 0:00:05]} 74. Ke3 {[%clk 0:00:06]} g3 {[%clk 0:00:06]} 75. Rb2
{[%clk 0:00:07]} Ng4+ {[%clk 0:00:07]} 76. Kf3 {[%clk 0:00:08]} Nh2+
{[%clk 0:00:08]} 77. Ke3 {[%clk 0:00:08]} Ng4+ {[%clk 0:00:07]} 78. Kf3
{[%clk 0:00:09]} Nh2+ {[%clk 0:00:07]} 79. Ke3 {[%clk 0:00:11]} Re1+
{[%clk 0:00:07]} 80. Kd3 {[%clk 0:00:08]} Rg1 {[%clk 0:00:04]} 81. Nxg3
{[%clk 0:00:09]} Rxg3+ 82. Kc2 Rg2+ {[%clk 0:00:05]} 83. Kb3 {[%clk 0:00:11]}
Rxb2+ {[%clk 0:00:07]} 84. Kxb2 Ng4 {[%clk 0:00:07]} 0-1

[Event "Russian Blitz Championship (m)"]
[Site "Sochi"]
[Date "2022.10.14"]
[Round "9.1"]
[White "Pridorozhni, Aleksei"]
[Black "Dobrov, Vladimir"]
[Result "1/2-1/2"]
[BlackElo "2575"]
[WhiteElo "2581"]
[LiveChessVersion "1.4.8"]

1. e4 {[%clk 0:03:03]} c5 {[%clk 0:03:03]} 2. Nc3 {[%clk 0:03:04]} Nc6
{[%clk 0:03:04]} 3. Bb5 {[%clk 0:03:05]} Nd4 {[%clk 0:03:05]} 4. Nf3
{[%clk 0:03:06]} g6 {[%clk 0:03:04]} 5. Nxd4 {[%clk 0:03:06]} cxd4
{[%clk 0:03:05]} 6. Ne2 {[%clk 0:03:07]} Bg7 {[%clk 0:03:00]} 7. c3
{[%clk 0:03:07]} dxc3 {[%clk 0:02:46]} 8. bxc3 {[%clk 0:03:08]} Nf6
{[%clk 0:02:47]} 9. f3 {[%clk 0:03:08]} O-O {[%clk 0:02:39]} 10. d4
{[%clk 0:03:08]} d6 {[%clk 0:02:18]} 11. a4 {[%clk 0:03:05]} Qc7 {[%clk 0:02:18]}
12. O-O {[%clk 0:03:02]} Be6 {[%clk 0:02:19]} 13. Rb1 {[%clk 0:02:56]} Rab8
{[%clk 0:02:08]} 14. Be3 {[%clk 0:02:53]} Bc4 {[%clk 0:01:57]} 15. Rb4
{[%clk 0:02:44]} Bxb5 {[%clk 0:01:36]} 16. axb5 {[%clk 0:02:43]} a5
{[%clk 0:01:21]} 17. bxa6 {[%clk 0:02:40]} bxa6 {[%clk 0:01:22]} 18. Ra4
{[%clk 0:02:40]} Rb2 {[%clk 0:01:15]} 19. Qd3 {[%clk 0:02:37]} a5
{[%clk 0:00:56]} 20. Rfa1 {[%clk 0:02:36]} Ra8 {[%clk 0:00:53]} 21. Bc1
{[%clk 0:02:35]} Rb3 {[%clk 0:00:51]} 22. Bd2 {[%clk 0:02:25]} Nd7
{[%clk 0:00:51]} 23. Qc2 {[%clk 0:02:13]} Rab8 {[%clk 0:00:53]} 24. R4a2
{[%clk 0:02:03]} Qc4 {[%clk 0:00:48]} 25. Nc1 {[%clk 0:01:59]} R3b5
{[%clk 0:00:48]} 26. Qd3 {[%clk 0:01:58]} Qc7 {[%clk 0:00:38]} 27. c4
{[%clk 0:01:47]} Rb2 {[%clk 0:00:34]} 28. Bxa5 {[%clk 0:01:41]} Qa7
{[%clk 0:00:27]} 29. Bc3 {[%clk 0:01:41]} Rxa2 {[%clk 0:00:28]} 30. Rxa2
{[%clk 0:01:42]} Qb6 {[%clk 0:00:29]} 31. Rb2 {[%clk 0:01:41]} Qa7
{[%clk 0:00:26]} 32. Rxb8+ {[%clk 0:01:41]} Qxb8 {[%clk 0:00:28]} 33. f4
{[%clk 0:01:34]} h5 {[%clk 0:00:28]} 34. e5 {[%clk 0:01:32]} Qa7 {[%clk 0:00:23]}
35. Kf1 {[%clk 0:01:22]} dxe5 {[%clk 0:00:20]} 36. fxe5 {[%clk 0:01:23]} e6
{[%clk 0:00:21]} 37. Nb3 {[%clk 0:01:17]} Qa2 {[%clk 0:00:22]} 38. Nd2
{[%clk 0:01:16]} Qa3 {[%clk 0:00:23]} 39. Ke2 {[%clk 0:01:15]} Qa8
{[%clk 0:00:22]} 40. Qf3 {[%clk 0:01:15]} Qa6 {[%clk 0:00:23]} 41. Qd3
{[%clk 0:01:10]} Qa8 {[%clk 0:00:22]} 42. Ne4 {[%clk 0:01:07]} Qa2+
{[%clk 0:00:19]} 43. Kf3 {[%clk 0:01:07]} Nb6 {[%clk 0:00:21]} 44. Nd6
{[%clk 0:01:07]} Qb3 {[%clk 0:00:20]} 45. Ke2 {[%clk 0:01:03]} Bf8
{[%clk 0:00:15]} 46. Bd2 {[%clk 0:01:01]} Qa2 {[%clk 0:00:13]} 47. Qc3
{[%clk 0:00:51]} Qb1 {[%clk 0:00:11]} 48. Qb4 {[%clk 0:00:50]} Qxb4
{[%clk 0:00:07]} 49. Bxb4 {[%clk 0:00:51]} Nxc4 {[%clk 0:00:08]} 50. Nxc4
{[%clk 0:00:48]} Bxb4 {[%clk 0:00:09]} 51. Kd3 {[%clk 0:00:49]} Kg7
{[%clk 0:00:11]} 52. Ke4 {[%clk 0:00:50]} Be7 {[%clk 0:00:09]} 53. d5
{[%clk 0:00:49]} exd5+ {[%clk 0:00:10]} 54. Kxd5 {[%clk 0:00:50]} Bb4
{[%clk 0:00:10]} 55. Nd6 {[%clk 0:00:48]} Bc3 {[%clk 0:00:11]} 56. Ne4
{[%clk 0:00:46]} Bb2 {[%clk 0:00:12]} 57. h3 {[%clk 0:00:46]} Ba1
{[%clk 0:00:13]} 58. Ng5 {[%clk 0:00:39]} Bxe5 {[%clk 0:00:09]} 59. Kxe5
{[%clk 0:00:35]} f6+ {[%clk 0:00:10]} 60. Kf4 {[%clk 0:00:37]} fxg5+
{[%clk 0:00:11]} 61. Kxg5 {[%clk 0:00:37]} Kf7 {[%clk 0:00:09]} 62. Kh6
{[%clk 0:00:32]} Kf6 {[%clk 0:00:04]} 63. g4 {[%clk 0:00:31]} hxg4
{[%clk 0:00:05]} 64. hxg4 {[%clk 0:00:32]} g5 {[%clk 0:00:06]} 1/2-1/2